[Event "CN Equipas 2019 - 1. div"]
[Site "Évora POR"]
[Date "2019.07.16"]
[Round "2.1.2"]
[White "Yankelevich, Lev"]
[Black "Medarde Santiago, Luis Marcos"]
[Result "1/2-1/2"]
[WhiteElo "2481"]
[BlackElo "2359"]
[WhiteFideId "24684074"]
[BlackFideId "2263076"]
[WhiteTeam "Ax Gaia 'A'"]
[BlackTeam "O Amanhã da Criança"]
[WhiteTitle "IM"]
[BlackTitle "FM"]
[PlyCount "121"]

1. d4 Nf6 2. c4 e6 3. Nf3 d5 4. Nc3 dxc4 5. e4 Bb4 6. Bxc4 Nxe4 7. O-O Nxc3 8.
bxc3 Be7 9. Re1 O-O 10. Ne5 Nc6 11. Qg4 f5 12. Qf3 Nxe5 13. Rxe5 Kh8 14. Bf4 Bd6
15. Re3 Bxf4 16. Qxf4 Rf6 17. Rae1 Qd6 18. Qxd6 cxd6 19. f4 h6 20. d5 e5 21.
fxe5 dxe5 22. Rxe5 Bd7 23. Re7 Rd8 24. a4 Rc8 25. Rxd7 Rxc4 26. Re6 Rxc3 27.
Rxf6 gxf6 28. Rxb7 Rd3 29. Rxa7 Rxd5 30. Kf2 Rd3 31. a5 Ra3 32. a6 Kg8 33. h4 h5
34. Ke2 Kf8 35. Kd2 Ke8 36. Ra8+ Kf7 37. Kc2 f4 38. Kb2 Ra5 39. a7 Kg7 40. Kb3
Ra1 41. Kb4 Rb1+ 42. Kc5 Rc1+ 43. Kd5 Rd1+ 44. Ke6 Re1+ 45. Kf5 Re5+ 46. Kxf4
Ra5 47. Ke4 Ra1 48. Kd3 Ra2 49. g3 Ra1 50. Kc3 Ra6 51. Kb2 Ra5 52. Kb3 Ra6 53.
Kc4 Ra1 54. Kd5 Rd1+ 55. Ke4 Re1+ 56. Kf3 Rf1+ 57. Ke3 Re1+ 58. Kf2 Ra1 59. Ke2
Ra2+ 60. Kd3 Ra1 61. Kc2 1/2-1/2

[Event "CN Equipas 2019 - 1. div"]
[Site "Évora POR"]
[Date "2019.07.16"]
[Round "2.1.3"]
[White "Pazos Porta, Antonio"]
[Black "Ftacnik, Lubomir"]
[Result "1/2-1/2"]
[WhiteElo "2340"]
[BlackElo "2513"]
[WhiteFideId "2263190"]
[BlackFideId "14900017"]
[WhiteTeam "O Amanhã da Criança"]
[BlackTeam "Ax Gaia 'A'"]
[WhiteTitle "FM"]
[BlackTitle "GM"]
[PlyCount "70"]

1. e4 c5 2. Nf3 d6 3. Nc3 Nf6 4. Bb5+ Nbd7 5. e5 dxe5 6. Nxe5 a6 7. Nxd7 Bxd7 8.
Bxd7+ Qxd7 9. d3 e6 10. O-O Be7 11. Bg5 O-O 12. Qf3 Rac8 13. Ne4 Nd5 14. Bxe7
Qxe7 15. Rfd1 Rfd8 16. Rd2 b5 17. Rad1 b4 18. Ng3 Qc7 19. Qg4 Qe5 20. Rb1 Qd4
21. Qf3 a5 22. Re2 Nf6 23. Ne4 c4 24. Nxf6+ Qxf6 25. Qxf6 gxf6 26. dxc4 Rxc4 27.
Kf1 Rdc8 28. Rc1 Kg7 29. Ke1 f5 30. b3 R4c5 31. Kd1 Kf6 32. a3 e5 33. axb4 axb4
34. Ra1 e4 35. Ra4 Rb8 1/2-1/2

[Event "CN Equipas 2019 - 1. div"]
[Site "Évora POR"]
[Date "2019.07.16"]
[Round "2.1.4"]
[White "Sousa, André V"]
[Black "Espineira, Diego"]
[Result "1/2-1/2"]
[WhiteElo "2362"]
[BlackElo "2361"]
[WhiteFideId "1917617"]
[BlackFideId "2229498"]
[WhiteTeam "Ax Gaia 'A'"]
[BlackTeam "O Amanhã da Criança"]
[WhiteTitle "IM"]
[BlackTitle "IM"]
[PlyCount "114"]

1. e4 e6 2. d4 d5 3. exd5 exd5 4. Nf3 Nc6 5. Bb5 Bd6 6. c4 Bb4+ 7. Nc3 Nge7 8.
Qb3 O-O 9. O-O Bxc3 10. Qxc3 dxc4 11. Bg5 Qd6 12. Qxc4 Bg4 13. Ne5 Be6 14. Bxe7
Nxe7 15. Qc5 Rfd8 16. Rfd1 Nf5 17. Nf3 Bd5 18. Ne5 f6 19. Nd3 c6 20. Ba4 g6 21.
Rd2 Bf7 22. Rad1 Qxd4 23. Qxd4 Rxd4 24. Nc5 Rc4 25. Rc2 Rxc2 26. Bxc2 Bd5 27.
Bb3 Bxb3 28. axb3 b6 29. Ne4 Rf8 30. b4 Kg7 31. g4 Nh4 32. f4 Rf7 33. Kf2 Re7
34. Nc3 h5 35. h3 hxg4 36. hxg4 g5 37. f5 Kf7 38. Rd6 c5 39. Nd5 Re4 40. Rd7+
Kf8 41. bxc5 bxc5 42. Nxf6 Rb4 43. Nh7+ Ke8 44. Nf6+ Kf8 45. Nh7+ Ke8 46. Rxa7
Rxb2+ 47. Ke3 Rb4 48. f6 Rf4 49. Rg7 Ng2+ 50. Kd3 c4+ 51. Kc3 Rf3+ 52. Kb4 c3
53. Rxg5 c2 54. Rc5 Rf4+ 55. Kb5 Ne3 56. Rc3 Nxg4 57. Rxc2 Nxf6 1/2-1/2

[Event "CN Equipas 2019 - 1. div"]
[Site "Évora POR"]
[Date "2019.07.16"]
[Round "2.2.1"]
[White "Wegerle, Jörg"]
[Black "Galego, Luís"]
[Result "1/2-1/2"]
[WhiteElo "2411"]
[BlackElo "2513"]
[WhiteFideId "4644743"]
[BlackFideId "1900072"]
[WhiteTeam "Aa Coimbra 'A'"]
[BlackTeam "Assembleia Figueirense"]
[WhiteTitle "IM"]
[BlackTitle "GM"]
[PlyCount "78"]

1. d4 Nf6 2. Nf3 e6 3. c3 c5 4. Bg5 cxd4 5. cxd4 Nc6 6. Nc3 d5 7. Rc1 h6 8. Bd2
Bd6 9. e3 O-O 10. Bd3 e5 11. dxe5 Nxe5 12. Nxe5 Bxe5 13. O-O d4 14. exd4 Qxd4
15. Be3 Qh4 16. g3 Qh3 17. f3 Re8 18. Bf2 Bd7 19. Bb5 Rad8 20. Bxd7 Rxd7 21. Qc2
Red8 22. Rfd1 Bxc3 23. Rxd7 Qxd7 24. bxc3 Qd5 25. Kg2 Ng4 26. Bd4 Ne5 27. Qe2
Nc6 28. Rd1 Qe6 29. Qxe6 fxe6 30. f4 Nxd4 31. cxd4 Rc8 32. Rd2 Rc3 33. Kh3 Ra3
34. Kg4 Ra5 35. Kf3 Kf7 36. Rc2 Kf6 37. Ke4 b6 38. g4 Ke7 39. f5 Kd6 1/2-1/2

[Event "CN Equipas 2019 - 1. div"]
[Site "Évora POR"]
[Date "2019.07.16"]
[Round "2.2.2"]
[White "Del Rio Angelis, Salvador"]
[Black "Brodowski, Piotr"]
[Result "1-0"]
[WhiteElo "2464"]
[BlackElo "2437"]
[WhiteFideId "2203138"]
[BlackFideId "1124480"]
[WhiteTeam "Assembleia Figueirense"]
[BlackTeam "Aa Coimbra 'A'"]
[WhiteTitle "GM"]
[BlackTitle "IM"]
[PlyCount "51"]

1. d4 g6 2. c4 Bg7 3. Nc3 d6 4. Nf3 Nc6 5. d5 Ne5 6. Nxe5 Bxe5 7. e4 Nf6 8. Qd3
Nd7 9. Bh6 c6 10. Be2 Nc5 11. Qd2 f5 12. exf5 Bxf5 13. O-O Qa5 14. Rfc1 cxd5 15.
cxd5 a6 16. g4 Bd7 17. Rab1 Na4 18. Nxa4 Qxa4 19. b4 Kf7 20. f4 Bf6 21. g5 Bg7
22. Bxg7 Kxg7 23. Bd1 Qb5 24. Qd4+ Kf7 25. a4 Ke8 26. Ra1 1-0

[Event "CN Equipas 2019 - 1. div"]
[Site "Évora POR"]
[Date "2019.07.16"]
[Round "2.2.3"]
[White "Butkiewicz, Lukasz"]
[Black "Oratovsky, Michael"]
[Result "1-0"]
[WhiteElo "2425"]
[BlackElo "2445"]
[WhiteFideId "1122428"]
[BlackFideId "2802090"]
[WhiteTeam "Aa Coimbra 'A'"]
[BlackTeam "Assembleia Figueirense"]
[WhiteTitle "IM"]
[BlackTitle "GM"]
[PlyCount "135"]
[EventDate "2019.??.??"]

1. d4 d6 2. e4 Nf6 3. Nc3 e5 4. Nf3 Nbd7 5. Bc4 Be7 6. O-O O-O 7. h3 c6 8. a4 a5
9. Re1 Nb6 10. Ba2 Nfd7 11. Be3 exd4 12. Qxd4 Nc5 13. Rad1 Be6 14. Bxe6 fxe6 15.
e5 d5 16. Qg4 Qe8 17. Nd4 Qf7 18. b3 Nbd7 19. f4 Rae8 20. Rf1 Kh8 21. Kh1 Bd8
22. Bg1 Bb6 23. Rde1 Na6 24. Qe2 Qg6 25. Qd2 Nb4 26. Re2 Bc7 27. Rfe1 Qh6 28.
Bh2 Bb6 29. Nd1 Qg6 30. c3 Nd3 31. Rg1 N3c5 32. Nf2 Qh6 33. Rge1 Qh4 34. f5 exf5
35. e6 Nf6 36. e7 Rxe7 37. Rxe7 Nfe4 38. Nxe4 Nxe4 39. R7xe4 fxe4 40. Bg1 Qf6
41. Nc2 Bc7 42. Ne3 h6 43. Rf1 Qxf1 44. Nxf1 Rxf1 45. Qe3 Be5 46. g4 Rf3 47. Qa7
Rxh3+ 48. Kg2 Rxc3 49. Qxb7 Rc2+ 50. Kf1 Kh7 51. Qd7 Bf6 52. Be3 Rc3 53. Bd2 Rd3
54. Ke2 c5 55. Bxa5 Bg5 56. Be1 d4 57. Qf5+ Kh8 58. Qf8+ Kh7 59. Qxc5 Re3+ 60.
Kd1 Rf3 61. Qxd4 Rd3+ 62. Qxd3 exd3 63. a5 Be3 64. b4 Kg8 65. b5 Kf7 66. b6 Ke6
67. b7 Ba7 68. Bf2 1-0

[Event "CN Equipas 2019 - 1. div"]
[Site "Évora POR"]
[Date "2019.07.16"]
[Round "2.2.4"]
[White "Vasallo, Mauricio"]
[Black "Hammes, Michael"]
[Result "1-0"]
[WhiteElo "2380"]
[BlackElo "2340"]
[WhiteFideId "101648"]
[BlackFideId "4619358"]
[WhiteTeam "Assembleia Figueirense"]
[BlackTeam "Aa Coimbra 'A'"]
[WhiteTitle "IM"]
[BlackTitle "IM"]
[PlyCount "55"]

1. d4 e6 2. c4 Nf6 3. g3 d5 4. Bg2 Be7 5. Nf3 O-O 6. Qc2 c6 7. O-O b6 8. b3 Bb7
9. Nc3 Na6 10. Bb2 Rc8 11. Rad1 Rc7 12. Ne5 Qa8 13. e4 dxe4 14. Nxe4 c5 15.
Nxf6+ Bxf6 16. Bxb7 Qxb7 17. dxc5 Nxc5 18. Rfe1 Rfc8 19. Qe2 Re7 20. Ba3 Bxe5
21. Qxe5 f6 22. Qe2 Qc6 23. Rd2 Ree8 24. Bxc5 Qxc5 25. Red1 Rc7 26. Rd7 Rxd7 27.
Rxd7 Re7 28. b4 1-0

[Event "CN Equipas 2019 - 1. div"]
[Site "Évora POR"]
[Date "2019.07.16"]
[Round "2.3.1"]
[White "Espinosa Aranda, Angel"]
[Black "Ferreira, Jorge"]
[Result "1/2-1/2"]
[WhiteElo "2488"]
[BlackElo "2524"]
[WhiteFideId "2278189"]
[BlackFideId "1910850"]
[WhiteTeam "Amadora Xadrez 'A'"]
[BlackTeam "Gd Dias Ferreira 'A'"]
[WhiteTitle "IM"]
[BlackTitle "GM"]
[PlyCount "39"]

1. e4 e5 2. Nc3 Nf6 3. g3 d5 4. exd5 Nxd5 5. Bg2 Nxc3 6. bxc3 Bc5 7. Nf3 Nc6 8.
O-O O-O 9. d3 h6 10. Qe2 Re8 11. Nd2 Bb6 12. a4 Na5 13. Qh5 Bd7 14. Ne4 f5 15.
Bxh6 fxe4 16. Bg5 Qc8 17. Bxe4 Bf5 18. Bd5+ Be6 19. Be4 Bf5 20. Bd5+ 1/2-1/2

[Event "CN Equipas 2019 - 1. div"]
[Site "Évora POR"]
[Date "2019.07.16"]
[Round "2.3.2"]
[White "Gukesh D"]
[Black "Alshameary Puente, Ismael"]
[Result "1-0"]
[WhiteElo "2520"]
[BlackElo "2442"]
[WhiteFideId "46616543"]
[BlackFideId "2225166"]
[WhiteTeam "Gd Dias Ferreira 'A'"]
[BlackTeam "Amadora Xadrez 'A'"]
[WhiteTitle "GM"]
[BlackTitle "FM"]
[PlyCount "71"]

1. c4 e5 2. Nc3 Nf6 3. g3 d5 4. cxd5 Nxd5 5. Bg2 Nb6 6. Nf3 Nc6 7. O-O Be7 8. d3
O-O 9. Be3 Re8 10. Rc1 Bf8 11. Bg5 f6 12. Be3 Nd4 13. a4 a5 14. Bxd4 exd4 15.
Nb5 c5 16. Nd2 Bg4 17. Bxb7 Rb8 18. Bf3 Bd7 19. b3 Bxb5 20. axb5 Nd5 21. Nc4
Rxb5 22. Bxd5+ Qxd5 23. Ra1 Qe6 24. Re1 Qh3 25. Qc2 Kh8 26. Rxa5 Rxa5 27. Nxa5
f5 28. Qc4 Qh5 29. Qd5 c4 30. Nxc4 Bb4 31. Ra1 Qxe2 32. Ne5 h6 33. Ng6+ Kh7 34.
Qxf5 Kg8 35. Ra7 Qe6 36. Ne7+ 1-0

[Event "CN Equipas 2019 - 1. div"]
[Site "Évora POR"]
[Date "2019.07.16"]
[Round "2.3.3"]
[White "Asis Gargatagli, Hipolito"]
[Black "Martinez, Lelys"]
[Result "1-0"]
[WhiteElo "2506"]
[BlackElo "2535"]
[WhiteFideId "2260735"]
[BlackFideId "3504727"]
[WhiteTeam "Amadora Xadrez 'A'"]
[BlackTeam "Gd Dias Ferreira 'A'"]
[WhiteTitle "GM"]
[BlackTitle "GM"]
[PlyCount "63"]

1. e4 c5 2. Nf3 Nc6 3. d4 cxd4 4. Nxd4 g6 5. c4 Nf6 6. Nc3 d6 7. f3 Qb6 8. Be3
Bg7 9. Nf5 gxf5 10. Bxb6 axb6 11. exf5 Bxf5 12. Bd3 Be6 13. O-O h5 14. Re1 h4
15. Nb5 Kd8 16. Qd2 Nd7 17. f4 Nc5 18. Be4 h3 19. g3 Rh6 20. Bd5 Ra5 21. Bxc6
bxc6 22. Nd4 Bxd4+ 23. Qxd4 Nd7 24. a4 Kc7 25. b4 Ra8 26. f5 Bxf5 27. Qf4 Rf6
28. Rxe7 Rg8 29. c5 Rg4 30. cxd6+ Kc8 31. Qf1 b5 32. axb5 1-0

[Event "CN Equipas 2019 - 1. div"]
[Site "Évora POR"]
[Date "2019.07.16"]
[Round "2.3.4"]
[White "Antal, Tibor Kende"]
[Black "Eggert, Alberto"]
[Result "1-0"]
[WhiteElo "2417"]
[BlackElo "2131"]
[WhiteFideId "738581"]
[BlackFideId "4139500"]
[WhiteTeam "Gd Dias Ferreira 'A'"]
[BlackTeam "Amadora Xadrez 'A'"]
[WhiteTitle "FM"]
[PlyCount "85"]

1. e4 c5 2. Nf3 Nc6 3. d4 cxd4 4. Nxd4 Nf6 5. Nc3 d6 6. Bg5 e6 7. Qd2 a6 8.
O-O-O Bd7 9. f4 Qc7 10. Kb1 Be7 11. Be2 O-O-O 12. Rhf1 h6 13. Bxf6 Bxf6 14. Ncb5
Qb6 15. Nxd6+ Kc7 16. e5 Nxd4 17. Qc3+ Bc6 18. Rxd4 Rxd6 19. Rxd6 Be7 20. Rfd1
Kb8 21. Qd4 Qc7 22. Bf3 Bxf3 23. Rd7 Bxd1 24. Rxc7 Kxc7 25. Qxd1 Rd8 26. Qe2 Rd4
27. g3 g6 28. c3 Rd5 29. Kc2 h5 30. h3 Bc5 31. b4 Bf8 32. g4 hxg4 33. hxg4 Bh6
34. Qh2 Bf8 35. Qh7 Rd7 36. Qg8 Bh6 37. g5 Bxg5 38. fxg5 Re7 39. a4 Rd7 40. c4
Re7 41. a5 Kc6 42. Qc8+ Rc7 43. b5+ 1-0

[Event "CN Equipas 2019 - 1. div"]
[Site "Évora POR"]
[Date "2019.07.16"]
[Round "2.4.1"]
[White "Trigo Urquijo, Sergio"]
[Black "Dâmaso, Rui"]
[Result "1/2-1/2"]
[WhiteElo "2382"]
[BlackElo "2425"]
[WhiteFideId "2262436"]
[BlackFideId "1900030"]
[WhiteTeam "Gx Porto 'A'"]
[BlackTeam "A.XAT-Montemor-o-Novo"]
[WhiteTitle "FM"]
[BlackTitle "IM"]
[PlyCount "34"]

1. d4 d5 2. c4 dxc4 3. Nf3 Nf6 4. e3 Bg4 5. Bxc4 e6 6. Qb3 Bxf3 7. gxf3 Nbd7 8.
Nc3 Be7 9. Be2 c5 10. d5 exd5 11. Nxd5 Nxd5 12. Qxd5 O-O 13. Qxb7 Rb8 14. Qxa7
Ne5 15. Qa4 c4 16. Rg1 Bf6 17. Kf1 Qc8 1/2-1/2

[Event "CN Equipas 2019 - 1. div"]
[Site "Évora POR"]
[Date "2019.07.16"]
[Round "2.4.2"]
[White "Oparin, Grigoriy"]
[Black "Prithu Gupta"]
[Result "1/2-1/2"]
[WhiteElo "2660"]
[BlackElo "2470"]
[WhiteFideId "24125890"]
[BlackFideId "46618546"]
[WhiteTeam "A.XAT-Montemor-o-Novo"]
[BlackTeam "Gx Porto 'A'"]
[WhiteTitle "GM"]
[BlackTitle "IM"]
[PlyCount "61"]

1. Nf3 Nf6 2. g3 b5 3. Bg2 Bb7 4. O-O e6 5. d3 c5 6. a4 b4 7. e4 d6 8. Nbd2 Be7
9. Re1 O-O 10. Nc4 d5 11. exd5 Bxd5 12. Nfe5 Qc7 13. Bf4 Qb7 14. Bxd5 Nxd5 15.
Qf3 Nc6 16. Nxc6 Qxc6 17. Ne3 Bf6 18. Nxd5 Qxd5 19. Qxd5 exd5 20. Be5 Rfe8 21.
Bxf6 gxf6 22. Rxe8+ Rxe8 23. Kf1 a5 24. Re1 Re6 25. c3 b3 26. f4 Rxe1+ 27. Kxe1
f5 28. Kf2 Kg7 29. Kf3 Kg6 30. h3 h5 31. h4 1/2-1/2

[Event "CN Equipas 2019 - 1. div"]
[Site "Évora POR"]
[Date "2019.07.16"]
[Round "2.4.3"]
[White "Iruzubieta, Jesus"]
[Black "Santos Latasa, Jaime"]
[Result "0-1"]
[WhiteElo "2438"]
[BlackElo "2594"]
[WhiteFideId "2200597"]
[BlackFideId "2293307"]
[WhiteTeam "Gx Porto 'A'"]
[BlackTeam "A.XAT-Montemor-o-Novo"]
[WhiteTitle "FM"]
[BlackTitle "GM"]
[PlyCount "85"]

1. e4 g6 2. d4 Bg7 3. Nf3 d6 4. Nc3 a6 5. a4 Nf6 6. h3 O-O 7. Bg5 c5 8. dxc5 Qa5
9. Bxf6 Bxf6 10. cxd6 Bxc3+ 11. bxc3 Qxc3+ 12. Nd2 exd6 13. Bd3 Be6 14. O-O Nd7
15. f4 Nc5 16. Nf3 Bc4 17. Bxc4 Qxc4 18. Qxd6 Nxe4 19. Qd3 Rac8 20. Rfe1 Ng3 21.
Qxc4 Rxc4 22. Re7 Rxc2 23. Rae1 Rb2 24. Nh4 Rc8 25. Kh2 Nh5 26. f5 g5 27. f6
Nxf6 28. Nf5 Rf8 29. R1e5 Nh5 30. Rc7 Nf4 31. Ne7+ Kh8 32. Kh1 Rxg2 33. Nf5 Rf2
34. Rxf7 Ng6 35. Rxf8+ Nxf8 36. Nd6 h6 37. Re7 Rf6 38. Nxb7 Ne6 39. Kh2 Kg8 40.
Nd6 Nd4 41. Nc4 Rf2+ 42. Kg3 Rf4 43. Ne5 0-1

[Event "CN Equipas 2019 - 1. div"]
[Site "Évora POR"]
[Date "2019.07.16"]
[Round "2.4.4"]
[White "Forcén Estebán, Daniel"]
[Black "Lombaers, Peter"]
[Result "1/2-1/2"]
[WhiteElo "2566"]
[BlackElo "2361"]
[WhiteFideId "2288230"]
[BlackFideId "1032852"]
[WhiteTeam "A.XAT-Montemor-o-Novo"]
[BlackTeam "Gx Porto 'A'"]
[WhiteTitle "GM"]
[BlackTitle "FM"]
[PlyCount "185"]

1. e4 c5 2. Nf3 e6 3. d4 cxd4 4. Nxd4 Nc6 5. Nc3 Qc7 6. Be3 a6 7. a3 b5 8. Nxc6
Qxc6 9. Be2 Bb7 10. O-O Rc8 11. Qd2 Bc5 12. Bf4 Ne7 13. Rfd1 Ng6 14. Bg3 Rd8 15.
a4 b4 16. Na2 f5 17. Bd6 a5 18. c3 b3 19. Bxc5 Qxc5 20. Nc1 fxe4 21. Nxb3 Qb6
22. Bb5 O-O 23. Qd4 Qxd4 24. Rxd4 d5 25. Nxa5 Ba8 26. Nb3 Rf6 27. Rd2 Nh4 28.
Be2 e5 29. g3 Rdf8 30. Rf1 e3 31. fxe3 Rxf1+ 32. Bxf1 Nf3+ 33. Kg2 Nxd2 34. Nxd2
d4+ 35. Kg1 dxe3 36. Nc4 Rf2 37. b4 Rc2 38. Nxe3 Rxc3 39. Kf2 Ra3 40. a5 Ra4 41.
Nc4 Rxb4 42. Nxe5 Kf8 43. a6 Ke7 44. h4 Bd5 45. Bd3 Kd6 46. Nf3 h6 47. Nd2 Ra4
48. Ke3 Ke5 49. h5 Bf7 50. Be2 Ra3+ 51. Kf2 Ra2 52. Ke3 Ra3+ 53. Kf2 Kd4 54.
Nf3+ Ke4 55. Nd2+ Kf5 56. Nc4 Bxc4 57. Bxc4 Kg4 58. Be2+ Kh3 59. Bf1+ Kg4 60.
Be2+ Kh3 61. Bf1+ Kh2 62. g4 Rb3 63. Bc4 Ra3 64. Bf1 Rc3 65. Bb5 Kh3 66. Bd7 Kh4
67. Ke2 Kg3 68. Kd2 Rc5 69. Ke3 Ra5 70. Bc8 Rc5 71. Bb7 Ra5 72. Bc8 Ra4 73. Kd3
Kf4 74. Ke2 Ra3 75. Kd2 Ke4 76. Bb7+ Kd4 77. Ke2 Kc5 78. Kf2 Kc4 79. Ke2 Kd4 80.
Kf2 Ke5 81. Ke2 Kf4 82. Bc8 Kg3 83. Kd2 Kf3 84. Kc2 Ke3 85. Kb2 Ra5 86. Kb3 Kd4
87. Kb4 Ra1 88. Kb5 Kd5 89. Kb6 Kd6 90. a7 Rb1+ 91. Ka5 Ra1+ 92. Kb6 Rb1+ 93.
Ka5 1/2-1/2

[Event "CN Equipas 2019 - 1. div"]
[Site "Évora POR"]
[Date "2019.07.16"]
[Round "2.5.1"]
[White "Henderson De La Fuente, Lance"]
[Black "Fier, Alexandr"]
[Result "1/2-1/2"]
[WhiteElo "2471"]
[BlackElo "2547"]
[WhiteFideId "32096585"]
[BlackFideId "2107139"]
[WhiteTeam "Ex Porto 'A'"]
[BlackTeam "Ax Portugal/Atlantidiagonal 'A'"]
[WhiteTitle "IM"]
[BlackTitle "GM"]
[PlyCount "55"]

1. e4 c5 2. Nf3 Nc6 3. d4 cxd4 4. Nxd4 Nf6 5. Nc3 e5 6. Ndb5 d6 7. Bg5 a6 8. Na3
b5 9. Nd5 Be7 10. Bxf6 Bxf6 11. c3 Ne7 12. Nxf6+ gxf6 13. Bd3 d5 14. O-O Rg8 15.
Re1 d4 16. Nc2 dxc3 17. bxc3 Ra7 18. Bf1 Qxd1 19. Rexd1 Rc7 20. c4 bxc4 21. Ne3
c3 22. Rac1 f5 23. exf5 Bxf5 24. Bxa6 Be6 25. Rd3 Bxa2 26. Rdxc3 Rxc3 27. Rxc3
Be6 28. Bc4 1/2-1/2

[Event "CN Equipas 2019 - 1. div"]
[Site "Évora POR"]
[Date "2019.07.16"]
[Round "2.5.2"]
[White "Ibarra Jerez, José Carlos"]
[Black "Veiga, Francisco"]
[Result "1-0"]
[WhiteElo "2547"]
[BlackElo "2357"]
[WhiteFideId "2226332"]
[BlackFideId "1930087"]
[WhiteTeam "Ax Portugal/Atlantidiagonal 'A'"]
[BlackTeam "Ex Porto 'A'"]
[WhiteTitle "GM"]
[BlackTitle "FM"]
[PlyCount "35"]

1. Nf3 Nf6 2. g3 g6 3. b3 Bg7 4. Bb2 O-O 5. Bg2 d6 6. d4 c5 7. c4 Nc6 8. Nc3
cxd4 9. Nxd4 Bd7 10. Nc2 Qc8 11. h3 Rb8 12. Qd2 Ne5 13. Rc1 Bc6 14. Nd5 Nxd5 15.
cxd5 Nf3+ 16. Bxf3 Bxb2 17. Rb1 Bxd5 18. Rxb2 1-0

[Event "CN Equipas 2019 - 1. div"]
[Site "Évora POR"]
[Date "2019.07.16"]
[Round "2.5.3"]
[White "Silva, Miguel"]
[Black "Spraggett, Kevin"]
[Result "1/2-1/2"]
[WhiteElo "2250"]
[BlackElo "2511"]
[WhiteFideId "1911929"]
[BlackFideId "2600013"]
[WhiteTeam "Ex Porto 'A'"]
[BlackTeam "Ax Portugal/Atlantidiagonal 'A'"]
[WhiteTitle "NM"]
[BlackTitle "GM"]
[PlyCount "37"]

1. c4 Nf6 2. g3 g6 3. Bg2 Bg7 4. Nc3 O-O 5. e4 d6 6. Nge2 c5 7. O-O Nc6 8. d3
Bg4 9. f3 Bd7 10. Be3 a6 11. Qd2 Rb8 12. d4 cxd4 13. Nxd4 b5 14. cxb5 Nxd4 15.
Bxd4 axb5 16. Rfd1 b4 17. Ne2 Bb5 18. Bh3 Qa5 19. a3 1/2-1/2

[Event "CN Equipas 2019 - 1. div"]
[Site "Évora POR"]
[Date "2019.07.16"]
[Round "2.5.4"]
[White "Fernandes, António"]
[Black "Paiva, Henrique"]
[Result "1-0"]
[WhiteElo "2376"]
[BlackElo "2122"]
[WhiteFideId "1900021"]
[BlackFideId "1920995"]
[WhiteTeam "Ax Portugal/Atlantidiagonal 'A'"]
[BlackTeam "Ex Porto 'A'"]
[WhiteTitle "GM"]
[BlackTitle "NM"]
[PlyCount "89"]
[EventDate "2019.??.??"]

1. Nf3 d5 2. g3 Nf6 3. Bg2 c6 4. O-O Bf5 5. c4 e6 6. d4 Be7 7. Nc3 h6 8. Qb3 Qc8
9. Bf4 O-O 10. Rac1 Nbd7 11. Nd2 Nb6 12. e4 dxe4 13. Ndxe4 Nxe4 14. Nxe4 Bxe4
15. Bxe4 Qd7 16. Rfd1 Bf6 17. Bb1 Bg5 18. Qd3 g6 19. Bxg5 hxg5 20. Qe3 Qd8 21.
Qe5 Nd7 22. Qe2 Qf6 23. Rc3 Rad8 24. Rf3 Qg7 25. Rb3 Nb6 26. c5 Nc8 27. Rxb7
Rxd4 28. Be4 Rxd1+ 29. Qxd1 Qe5 30. Qc2 Rd8 31. Kg2 Rd4 32. Bxc6 g4 33. Qc3 Qh8
34. Rd7 Rxd7 35. Qxh8+ Kxh8 36. Bxd7 Ne7 37. b4 Nd5 38. b5 Kg7 39. a4 Kf6 40. a5
Ke7 41. Bc6 Nb4 42. Bb7 Nd3 43. b6 axb6 44. c6 Kd6 45. a6 1-0

[Event "CN Equipas 2019 - 1. div"]
[Site "Évora POR"]
[Date "2019.07.16"]
[Round "3.1.1"]
[White "Fier, Alexandr"]
[Black "Suarez Gomez, Julio"]
[Result "1/2-1/2"]
[WhiteElo "2547"]
[BlackElo "2429"]
[WhiteFideId "2107139"]
[BlackFideId "22275991"]
[WhiteTeam "Ax Portugal/Atlantidiagonal 'A'"]
[BlackTeam "O Amanhã da Criança"]
[WhiteTitle "GM"]
[BlackTitle "IM"]
[PlyCount "118"]

1. c4 e6 2. Nf3 Nf6 3. g3 d5 4. Bg2 Be7 5. O-O O-O 6. b3 c5 7. Bb2 Nc6 8. e3 b6
9. Nc3 dxc4 10. bxc4 Bb7 11. Qe2 a6 12. Rfd1 Qc7 13. Rab1 Na5 14. d3 Rfd8 15.
Ba1 Rab8 16. Ne1 Bxg2 17. Nxg2 Qd7 18. a4 Nc6 19. g4 Ne8 20. h4 Nd6 21. g5 Nb4
22. Nf4 Bf8 23. h5 e5 24. Nfd5 Qh3 25. Ne4 Nxd5 26. cxd5 Nf5 27. Qf1 Qxf1+ 28.
Kxf1 Rxd5 29. Ke2 Be7 30. Rb3 h6 31. gxh6 Nxh6 32. Rdb1 Bd8 33. Nc3 Rd7 34. Ne4
Rd5 35. Nd2 f6 36. Nc4 Nf7 37. Nxb6 Bxb6 38. Rxb6 Rxb6 39. Rxb6 Rd6 40. Rb8+ Rd8
41. Rb7 Ng5 42. Bc3 e4 43. dxe4 Nxe4 44. Ba5 Rd5 45. Re7 f5 46. Be1 c4 47. f3
Nf6 48. h6 gxh6 49. Re6 Kf7 50. Rxa6 Rd3 51. Rc6 Nd5 52. Rxc4 Rxe3+ 53. Kf2 Ra3
54. Bd2 h5 55. a5 Ke6 56. Rh4 Ke5 57. Rxh5 Ra2 58. Ke1 Ra1+ 59. Ke2 Nf4+ 1/2-1/2

[Event "CN Equipas 2019 - 1. div"]
[Site "Évora POR"]
[Date "2019.07.16"]
[Round "3.1.2"]
[White "Medarde Santiago, Luis Marcos"]
[Black "Ibarra Jerez, José Carlos"]
[Result "1/2-1/2"]
[WhiteElo "2359"]
[BlackElo "2547"]
[WhiteFideId "2263076"]
[BlackFideId "2226332"]
[WhiteTeam "O Amanhã da Criança"]
[BlackTeam "Ax Portugal/Atlantidiagonal 'A'"]
[WhiteTitle "FM"]
[BlackTitle "GM"]
[PlyCount "127"]

1. e4 c5 2. Nf3 Nc6 3. d4 cxd4 4. Nxd4 e5 5. Nb5 a6 6. Nd6+ Bxd6 7. Qxd6 Qe7 8.
Qxe7+ Ngxe7 9. Nc3 d5 10. Nxd5 Nxd5 11. exd5 Nb4 12. Bd3 Nxd3+ 13. cxd3 Bf5 14.
Ke2 O-O-O 15. Be3 Rxd5 16. Rhd1 Rhd8 17. Rac1+ Kb8 18. Rc3 e4 19. d4 Bg4+ 20. f3
exf3+ 21. gxf3 Bd7 22. Rg1 g6 23. Rc5 Bc6 24. Rxd5 Bxd5 25. a3 Kc7 26. Rc1+ Kd7
27. Bg5 Re8+ 28. Kf2 f6 29. Bd2 g5 30. Re1 Rc8 31. Rc1 Rg8 32. Ba5 b6 33. Bd2
Rg6 34. Kg3 h5 35. Kf2 g4 36. fxg4 Rxg4 37. Rg1 Rxd4 38. Bc3 Rf4+ 39. Ke3 Rh4
40. Bxf6 Rxh2 41. Be5 Rh4 42. Bf4 Kc6 43. Rg6+ Kc5 44. Bc7 Rh3+ 45. Kd2 Rb3 46.
Kc2 h4 47. Bd6+ Kb5 48. Bc7 Kc5 49. Bd6+ Kb5 50. Bc7 Ka5 51. Rd6 Rb5 52. Bxb6+
Rxb6 53. Rxd5+ Rb5 54. b4+ Ka4 55. Rd6 a5 56. bxa5 Rc5+ 57. Kd2 Kxa5 58. Rh6 Rc4
59. Ke2 Ka4 60. Kf2 Kxa3 61. Kg2 Kb4 62. Kh3 Kb3 63. Rxh4 Rxh4+ 64. Kxh4 1/2-1/2

[Event "CN Equipas 2019 - 1. div"]
[Site "Évora POR"]
[Date "2019.07.16"]
[Round "3.1.3"]
[White "Spraggett, Kevin"]
[Black "Pazos Porta, Antonio"]
[Result "1/2-1/2"]
[WhiteElo "2511"]
[BlackElo "2340"]
[WhiteFideId "2600013"]
[BlackFideId "2263190"]
[WhiteTeam "Ax Portugal/Atlantidiagonal 'A'"]
[BlackTeam "O Amanhã da Criança"]
[WhiteTitle "GM"]
[BlackTitle "FM"]
[PlyCount "65"]

1. d4 Nf6 2. Nf3 g6 3. c4 Bg7 4. g3 O-O 5. Bg2 d6 6. O-O Bf5 7. b3 Qc8 8. Bb2
Bh3 9. Nc3 Bxg2 10. Kxg2 c5 11. e4 cxd4 12. Nxd4 Nc6 13. f3 Rd8 14. Rc1 Nxd4 15.
Qxd4 e6 16. Qd2 a6 17. Nd1 Qb8 18. Qg5 h6 19. Qd2 b5 20. Bxf6 Bxf6 21. Qxh6 bxc4
22. bxc4 Qb4 23. Rc2 Rac8 24. Qc1 Rc6 25. Ne3 Bd4 26. Rd1 Bxe3 27. Qxe3 Rxc4 28.
Rcd2 Qc5 29. Qf4 Rc2 30. h4 Rb8 31. Rxc2 Qxc2+ 32. Rd2 Qc1 33. Rxd6 1/2-1/2